Ensayos / (Record no. 59528)

MARC details
000 -LEADER
campo de control de longitud fija 01086nam a2200265 i 4500
001 - NÚMERO DE CONTROL
campo de control 59528
003 - IDENTIFICADOR DE NÚMERO DE CONTROL
campo de control ES-MaACL
005 - FECHA Y HORA DE LA ÚLTIMA TRANSACCIÓN
campo de control 20240514124303.0
007 - CAMPO FIJO DE DESCRIPCIÓN FÍSICA--INFORMACIÓN GENERAL
campo de control de longitud fija t|
008 - DATOS DE LONGITUD FIJA--INFORMACIÓN GENERAL
campo de control de longitud fija 031029s1945 sp ||||1| spa d
080 ## - NÚMERO DE LA CLASIFICACIÓN DECIMAL UNIVERSAL
Número de la Clasificación Decimal Universal 821.134.2-4"19"
100 1# - ENTRADA PRINCIPAL--NOMBRE DE PERSONA
Nombre de persona Entrambasaguas, Joaquín de,
Fechas asociadas al nombre 1904-1995
9 (RLIN) 47309
245 10 - MENCIÓN DEL TÍTULO
Título Ensayos /
Mención de responsabilidad, etc. Joaquín de Entrambasaguas ; ilustraciones de José Caballero.
260 ## - PUBLICACIÓN, DISTRIBUCIÓN, ETC.
Lugar de publicación, distribución, etc. Madrid :
Nombre del editor, distribuidor, etc. Consejo Superior de Investigaciones Científicas, Instituto Antonio de Nebrija,
Fecha de publicación, distribución, etc. [1945] (
Fabricante Aldus)
300 ## - DESCRIPCIÓN FÍSICA
Extensión 2 v. :
Otras características físicas il. ;
Dimensiones 20 cm.
490 1# - MENCIÓN DE SERIE
Mención de serie Cuadernos de literatura contemporánea. Prosa ;
Designación de volumen o secuencia 2-3
505 8# - NOTA DE CONTENIDO CON FORMATO
Nota de contenido con formato Contiene: 1. La mirada alrededor: (ensayos sobre las cosas) - 2. El latido de los seres: (ensayos sobre las gentes).
700 1# - ENTRADA AGREGADA--NOMBRE PERSONAL
Nombre de persona Caballero, José,
Fechas asociadas al nombre 1915-1991
9 (RLIN) 33084
710 2# - ENTRADA AGREGADA--NOMBRE DE ENTIDAD CORPORATIVA
Nombre de entidad corporativa o nombre de jurisdicción como elemento de entrada Instituto Antonio de Nebrija.
9 (RLIN) 4795
740 32 - ENTRADA AGREGADA--TÍTULO RELACIONADO/ANALÍTICO NO CONTROLADO
Título relacionado o analítico no controlado La mirada alrededor.
740 32 - ENTRADA AGREGADA--TÍTULO RELACIONADO/ANALÍTICO NO CONTROLADO
Título relacionado o analítico no controlado El latido de los seres.
830 1# - PUNTO DE ACCESO ADICIONAL DE SERIE-TÍTULO UNIFORME
Título uniforme Cuadernos de literatura contemporánea. Prosa ;
Designación de volumen o secuencia 2-3
9 (RLIN) 230517
852 4# - LOCALIZACIÓN
Ubicación ES-MaACL
Número de control de estantería F-16362-63
Holdings
Estatus retirado Estado de pérdida Estado de daño No para préstamo Biblioteca de origen Biblioteca actual Ubicación en estantería Fecha de adquisición Fuente de adquisición Total de préstamos Signatura topográfica completa Código de barras Visto por última vez Precio de reemplazo Tipo de ítem Koha
        Biblioteca del Ateneo de Madrid Biblioteca del Ateneo de Madrid Sala Pecera Planta 2 17/01/2008     F-16362-63 1062436 23/02/2023 23/02/2023 Libro impreso